Bangkok Full Name - Statistics

General Stats
  • This quiz has been taken 105 times
  • The average score is 6 of 21
Answer Stats
Answer % Correct
Krung
96%
Thep
96%
Amon
66%
Amon
66%
Mahanakhon
62%
Rattanakosin
53%
Mahinthara
36%
Mahadilok
19%
Burirom
17%
Ratchathani
17%
Yuthaya
17%
Noppharat
15%
Phop
15%
Piman
13%
Mahasathan
11%
Udomratchaniwet
9%
Awatan
8%
Prasit
8%
Sathit
6%
Sakkathattiya
2%
Witsanukam
2%
No matching quizzes found
Score Distribution
Percent of People with Each Score
Percentile by Number Answered
Your Score History
You have not taken this quiz